| 000 | 00997nam a2200277 i 4500 | ||
|---|---|---|---|
| 001 | bg | ||
| 245 | 0 | 0 |
_aMaszyny i urządzenia do przetwórstwa tworzyw wielkocząsteczkowych : _bćwiczenia laboratoryjne / _cpod red. nauk. Roberta Sikory ; [ćw. oprac. Tomasz Garbacz et al.] ; Politechnika Lubelska. |
| 260 |
_aLublin : _bWydaw. Uczelniane PL, _c2001. |
||
| 300 |
_a182, [3] s. : _bfot., rys., wykr. ; _c24 cm. |
||
| 504 | _aBibliogr. przy ćw. | ||
| 650 | 9 |
_aTworzywa sztuczne _xtechnologia |
|
| 650 | 9 |
_aTłocznictwo _xmaszyny i urządzenia |
|
| 650 | 9 |
_aWtryskiwanie _xmaszyny i urządzenia |
|
| 655 | _aPodręczniki akademickie | ||
| 655 | _aĆwiczenia i zadania dla szkół wyższych | ||
| 700 | 1 |
_aSIKORA, Robert. _erd |
|
| 700 | 1 |
_aGARBACZ, Tomasz. _eop |
|
| 711 | 2 | _aPolitechnika Lubelska | |
| 020 | _a8388110179 | ||
| 040 | _cBPK | ||
| 041 | 0 | _apl | |
| 080 | _a678:621.97(075.8) | ||
| 920 | _a83-88110-17-9 | ||
| 942 | _cKS | ||
| 008 | s pl f |000 0 pol | ||
| 999 |
_c40885 _d40885 |
||
| 856 |
_uhttp://koha.tu.koszalin.pl/cgi-bin/koha/opac-detail.pl?biblionumber=40885 _yKatalog online BPK |
||